000 00679nam a2200217Ii 4500
003 JO-AjNU
008 230605s9999||||xx |||||||||||||| ||und||
020 _a978-614-01-0329-0
040 _aJO-AjNU
_bara
_erda
_cJO-AjNU
041 _aara
050 1 4 _aPJ7860 2013
100 3 _aرشيد، فايز,
_eauthor
_950145
245 0 0 _aذهبت مع الريح: قصص قصيرة
250 _aط1
264 3 1 _aبيروت: الدار العربية للعلوم ناشرون، 2013
300 _a180ص
336 _atext
_btxt
_2rdacontent
337 _aunmediated
_bn
_2rdamedia
338 _avolume
_bnc
_2rdacarrier
650 4 _aقصص قصيرة - عصر حديث
_950146
999 _aA22071
_c25639
_d25639